[Event "SVK-chT 0304"]
[Site "Slovakia"]
[Date "2003.11.30"]
[Round "6"]
[White "Betko, Lubomir"]
[Black "Manik, Mikulas"]
[Result "0-1"]
[WhiteElo "2253"]
[BlackElo "2490"]
[PlyCount "58"]
[EventDate "2003.10.25"]
[EventType "team-tourn"]
[EventRounds "11"]
[EventCountry "SVK"]
[SourceTitle "EXT 2019"]
[Source "ChessBase"]
[SourceDate "2018.10.10"]
[SourceVersion "1"]
[SourceVersionDate "2018.10.10"]
[SourceQuality "1"]
[WhiteTeam "Liptov"]
[BlackTeam "Kosice Hydina"]
[WhiteTeamCountry "SVK"]
[BlackTeamCountry "SVK"]

1. e4 c5 2. Nc3 d6 3. g3 Nc6 4. Bg2 g6 5. d3 Bg7 6. Nh3 Nf6 7. 0-0 0-0 8. Kh1 Rb8 9. f4 Bg4 10. Qd2 Nd4 11. Nf2 Bf3 12. Bxf3 Nxf3 13. Qd1 Nd4 14. Ne2 Nxe2 15. Qxe2 Nd7 16. Ng4 h5 17. Ne3 e6 18. g4 hxg4 19. Qxg4 d5 20. e5 Qb6 21. h4 d4 22. Nc4 Qc6+ 23. Kh2 b5 24. Nd6 Nxe5 25. fxe5 Bxe5+ 26. Kh3 Qxd6 27. h5 Kg7 28. Bh6+ Kxh6 29. Rxf7 gxh5 0-1

[Event "SVK-chT 0304"]
[Site "Slovakia"]
[Date "2003.11.29"]
[Round "5"]
[White "Betko, Lubomir"]
[Black "Matejov, Jaroslav"]
[Result "1-0"]
[WhiteElo "2253"]
[BlackElo "2202"]
[PlyCount "95"]
[EventDate "2003.10.25"]
[EventType "team-tourn"]
[EventRounds "11"]
[EventCountry "SVK"]
[SourceTitle "EXT 2019"]
[Source "ChessBase"]
[SourceDate "2018.10.10"]
[SourceVersion "1"]
[SourceVersionDate "2018.10.10"]
[SourceQuality "1"]
[WhiteTeam "Liptov"]
[BlackTeam "Teplice"]
[WhiteTeamCountry "SVK"]
[BlackTeamCountry "SVK"]

1. e4 Nf6 2. e5 Nd5 3. d4 d6 4. Nf3 Bg4 5. c4 Nb6 6. Be2 Nc6 7. exd6 exd6 8. 0-0 Be7 9. b3 0-0 10. Nc3 Qd7 11. h3 Bh5 12. Be3 Rae8 13. c5 Nc8 14. Nd5 Bg6 15. Rc1 Bd8 16. Bb5 a6 17. Ba4 Qf5 18. Nf4 d5 19. Ne5 N8e7 20. Qg4 Qxg4 21. hxg4 Nxe5 22. Bxe8 Nxg4 23. Bd7 Nxe3 24. fxe3 Be4 25. Ne6 g6 26. Nxf8 Kxf8 27. b4 h5 28. a4 f5 29. b5 axb5 30. axb5 Ng8 31. Rc3 Nf6 32. Bc8 b6 33. Ra1 Ng4 34. Ra8 Ke7 35. cxb6 cxb6 36. Ra7+ Kf6 37. Rd7 Be7 38. Rc6+ Kf7 39. Rb7 Nxe3 40. Be6+ Kf8 41. Rc8+ Kg7 42. Rxe7+ Kf6 43. Rb7 f4 44. Rxb6 Kg5 45. Bf7 Nxg2 46. Bxg6 f3 47. Bxe4 dxe4 48. Rg8+ 1-0

[Event "SVK-chT 0304"]
[Site "Slovakia"]
[Date "2003.10.25"]
[Round "1"]
[White "Rachela, Milan"]
[Black "Betko, Lubomir"]
[Result "0-1"]
[WhiteElo "2244"]
[BlackElo "2253"]
[PlyCount "123"]
[EventDate "2003.10.25"]
[EventType "team-tourn"]
[EventRounds "11"]
[EventCountry "SVK"]
[SourceTitle "EXT 2019"]
[Source "ChessBase"]
[SourceDate "2018.10.10"]
[SourceVersion "1"]
[SourceVersionDate "2018.10.10"]
[SourceQuality "1"]
[WhiteTeam "Nitra"]
[BlackTeam "Liptov"]
[WhiteTeamCountry "SVK"]
[BlackTeamCountry "SVK"]

1. d4 Nf6 2. Nf3 d5 3. c4 c6 4. Qc2 e6 5. Nbd2 Nbd7 6. e3 Bd6 7. Be2 0-0 8. 0-0 Qe7 9. Rd1 e5 10. dxe5 Nxe5 11. Nxe5 Qxe5 12. Nf3 Qh5 13. Rd4 Bf5 14. Qd1 Be4 15. h3 Bc5 16. Nd2 Qg6 17. Nxe4 Bxd4 18. Nxf6+ Bxf6 19. cxd5 cxd5 20. Bd3 Qg5 21. e4 Qe5 22. exd5 Rac8 23. Be3 Rfd8 24. Qf3 Qxd5 25. Be4 Qa5 26. b4 Qe5 27. Rb1 b6 28. a4 Bg5 29. Bxh7+ Kxh7 30. Qh5+ Kg8 31. Qxg5 Qe4 32. Rb2 Rd1+ 33. Kh2 Rd5 34. Qf4 Qxf4+ 35. Bxf4 Rc3 36. Bd2 Rcd3 37. Be1 Re5 38. Rb1 Re2 39. a5 b5 40. Kg1 Rc2 41. g3 a6 42. h4 Kh7 43. Kg2 f5 44. Ra1 Kg6 45. Rb1 Kh5 46. Ra1 Kg4 47. Kf1 f4 48. gxf4 Kxh4 49. Kg2 Kg4 50. Rb1 Kxf4 51. Ra1 g5 52. Rb1 g4 53. Kg1 Kf3 54. Kf1 Rc4 55. Ra1 Rcd4 56. Rc1 Rd1 57. Rc3+ Kf4 58. Ke2 Rb1 59. Bd2+ Ke4 60. Rg3 Kd5 61. Rd3 Rb2 62. Ke3 0-1

[Event "SVK Cup"]
[Site "Martin"]
[Date "2003.??.??"]
[Round "2"]
[White "Betko, Lubomir"]
[Black "Stohl, Igor"]
[Result "0-1"]
[WhiteElo "2263"]
[BlackElo "2555"]
[PlyCount "88"]
[EventDate "2003.04.??"]
[EventType "team"]
[EventRounds "7"]
[EventCountry "SVK"]
[SourceTitle "CBM 093 Extra"]
[Source "ChessBase"]
[SourceDate "2003.05.09"]
[SourceVersion "1"]
[SourceVersionDate "2003.05.09"]
[SourceQuality "1"]
[WhiteTeam "Liptov"]
[BlackTeam "Corpora Martin A"]
[WhiteTeamCountry "SVK"]
[BlackTeamCountry "SVK"]

1. e4 c5 2. Bc4 e6 3. Nc3 a6 4. a4 Nc6 5. Nf3 Nf6 6. Qe2 d6 7. d3 Be7 8. 0-0 0-0 9. Rd1 d5 10. Ba2 b6 11. d4 dxe4 12. Nxe4 cxd4 13. c3 Nxe4 14. Qxe4 Bb7 15. Nxd4 Nxd4 16. Qxd4 Qc7 17. Be3 Bc5 18. Qd7 Qxd7 19. Rxd7 Bc6 20. Rc7 Rfc8 21. Rxc8+ Rxc8 22. Bxc5 bxc5 23. Bc4 a5 24. Rd1 Kf8 25. Bb5 Ke7 26. Kf1 c4 27. Bxc6 Rxc6 28. Ke2 Rd6 29. Rb1 Rb6 30. Kd2 e5 31. Kc2 Rg6 32. Rg1 Kd6 33. Kd2 Kc5 34. Ke2 f5 35. g3 Rb6 36. Rb1 g5 37. Ke3 g4 38. Rd1 Rxb2 39. Rd7 Rc2 40. Rc7+ Kd5 41. Rd7+ Ke6 42. Rxh7 Rxc3+ 43. Kd2 Rd3+ 44. Ke2 Ra3 0-1

[Event "SVK Cup"]
[Site "Martin"]
[Date "2003.??.??"]
[Round "5"]
[White "Betko, Lubomir"]
[Black "Toczek, Grzegorz"]
[Result "0-1"]
[WhiteElo "2263"]
[BlackElo "2294"]
[PlyCount "70"]
[EventDate "2003.04.??"]
[EventType "team"]
[EventRounds "7"]
[EventCountry "SVK"]
[SourceTitle "CBM 093 Extra"]
[Source "ChessBase"]
[SourceDate "2003.05.09"]
[SourceVersion "1"]
[SourceVersionDate "2003.05.09"]
[SourceQuality "1"]
[WhiteTeam "Liptov"]
[BlackTeam "Kosice Slavia"]
[WhiteTeamCountry "SVK"]
[BlackTeamCountry "SVK"]

1. e4 c5 2. Bc4 e6 3. Qe2 Nc6 4. Nf3 a6 5. c3 Nge7 6. Bb3 g6 7. 0-0 Bg7 8. Rd1 0-0 9. d3 b5 10. Be3 d6 11. d4 cxd4 12. Nxd4 Na5 13. Bc2 Nc4 14. Bg5 Qc7 15. a4 Nxb2 16. Rc1 Nxa4 17. Bxa4 bxa4 18. Rxa4 Bb7 19. Na3 d5 20. e5 Nc6 21. f4 Nxd4 22. Rxd4 Rfc8 23. Qf2 Bf8 24. Nb1 Qb6 25. Bf6 Bc5 26. Rcd1 Qb3 27. Rf1 a5 28. Kh1 a4 29. f5 Ba6 30. Qh4 Bf8 31. Nd2 Qc2 32. Rf3 Qc1+ 33. Nf1 Bxf1 34. Bg5 Qb1 35. Re3 Be2+ 0-1

[Event "SVK Cup"]
[Site "Martin"]
[Date "2003.??.??"]
[Round "7"]
[White "Betko, Lubomir"]
[Black "Vrana, Frantisek"]
[Result "1/2-1/2"]
[WhiteElo "2263"]
[BlackElo "2317"]
[PlyCount "124"]
[EventDate "2003.04.??"]
[EventType "team"]
[EventRounds "7"]
[EventCountry "SVK"]
[SourceTitle "CBM 093 Extra"]
[Source "ChessBase"]
[SourceDate "2003.05.09"]
[SourceVersion "1"]
[SourceVersionDate "2003.05.09"]
[SourceQuality "1"]
[WhiteTeam "Liptov"]
[BlackTeam "Rajecke Teplice"]
[WhiteTeamCountry "SVK"]
[BlackTeamCountry "SVK"]

1. e4 e6 2. d4 d5 3. Nc3 Nf6 4. e5 Nfd7 5. f4 c5 6. Nf3 Nc6 7. Be3 cxd4 8. Nxd4 Bc5 9. Qd2 Nxd4 10. Bxd4 Bxd4 11. Qxd4 Qb6 12. 0-0-0 Qxd4 13. Rxd4 a6 14. h4 h5 15. Rh3 g6 16. Nd1 Nc5 17. c4 Bd7 18. Rc3 Ne4 19. Rc2 Ng3 20. Ne3 dxc4 21. Bxc4 Rc8 22. Bd3 Ke7 23. Nc4 Bb5 24. Nd6 Rxc2+ 25. Kxc2 Bc6 26. Rc4 Rd8 27. Be4 Nxe4 28. Nxe4 Rd5 29. a4 Kd7 30. Nc3 b5 31. Nxd5 bxc4 32. Nb6+ Kc7 33. a5 Bxg2 34. Nxc4 Kc6 35. b4 Bf1 36. Ne3 Be2 37. Kc3 Kb5 38. Nc2 Ka4 39. Nd4 Bf1 40. Nc6 Bb5 41. Nd8 Be8 42. Nb7 Bc6 43. Nd6 Bd5 44. Nxf7 Kb5 45. Nd8 Ba2 46. Nb7 Bd5 47. Nc5 Ba2 48. Nd7 Kc6 49. Nf8 Kd5 50. Nxg6 Ke4 51. b5 axb5 52. Kb4 Bd5 53. a6 Ba8 54. Kxb5 Kf5 55. Nf8 Kxf4 56. Nd7 Kg4 57. Nf6+ Kxh4 58. Kc5 Kg5 59. Nxh5 Kxh5 60. Kd6 Bd5 61. a7 Kg5 62. a8Q Bxa8 1/2-1/2

[Event "SVK-chT1E 0203"]
[Site "Slovakia"]
[Date "2002.??.??"]
[Round "?"]
[White "Banduka, Zeljko"]
[Black "Betko, Lubomir"]
[Result "1-0"]
[WhiteElo "2112"]
[BlackElo "2270"]
[PlyCount "61"]
[EventDate "2002.10.??"]
[EventType "team"]
[EventRounds "11"]
[EventCountry "SVK"]
[SourceTitle "EXT 2005"]
[Source "ChessBase"]
[SourceDate "2004.11.15"]
[SourceVersion "1"]
[SourceVersionDate "2004.11.15"]
[SourceQuality "1"]

1. d4 Nf6 2. c4 c6 3. g3 d6 4. Bg2 Nbd7 5. Nf3 e5 6. Nc3 Be7 7. e4 0-0 8. 0-0 Re8 9. h3 Bf8 10. Be3 exd4 11. Nxd4 Nc5 12. Qc2 Bd7 13. Rad1 Qc8 14. Kh2 Re5 15. Bf4 Rh5 16. h4 h6 17. Bf3 Bg4 18. Bxg4 Nxg4+ 19. Kg2 g5 20. Bxd6 Bxd6 21. Nf5 Be5 22. Ne7+ Kg7 23. Nxc8 Rxc8 24. Qe2 Nf6 25. f4 gxf4 26. gxf4 Bxc3 27. e5 Rxh4 28. exf6+ Bxf6 29. Rh1 Rxh1 30. Qg4+ Kh7 31. Qf5+ 1-0

[Event "SVK-chT1E 0203"]
[Site "Slovakia"]
[Date "2002.??.??"]
[Round "?"]
[White "Betko, Lubomir"]
[Black "Holecko, Rastislav"]
[Result "1-0"]
[WhiteElo "2270"]
[BlackElo "2186"]
[PlyCount "59"]
[EventDate "2002.10.??"]
[EventType "team"]
[EventRounds "11"]
[EventCountry "SVK"]
[SourceTitle "EXT 2005"]
[Source "ChessBase"]
[SourceDate "2004.11.15"]
[SourceVersion "1"]
[SourceVersionDate "2004.11.15"]
[SourceQuality "1"]

1. e4 d5 2. exd5 Nf6 3. d4 Nxd5 4. Nf3 g6 5. g3 Bg7 6. Bg2 0-0 7. 0-0 Nc6 8. c3 Re8 9. Re1 Rb8 10. Nbd2 Nb6 11. a4 a5 12. Nb3 Be6 13. Nc5 Bd5 14. Bf4 Nd7 15. Nd3 f6 16. Ng5 Nf8 17. Bxc7 Qxc7 18. Bxd5+ e6 19. Nxe6 Nxe6 20. Nf4 Qd6 21. Qb3 Bh6 22. Rxe6 Rxe6 23. Nxe6 Ne7 24. Bf3 Kh8 25. Nc5 b6 26. Ne4 Qd7 27. Re1 Qd5 28. Qxd5 Nxd5 29. Nd6 Nc7 30. Re7 1-0